000
00318 a2200109 4500
001
ART_52763
005
20260410162047.0
008
260409a
245
1
0
_a
¿Nuevas responsabilidades para el empleador?
100
1
_a
Mastandrea, Alberto F.
773
0
_t
Impuestos
_g
- N°102 (jun. 2021)
_w
REV45175
999
_c
35412
_d
35412